<?xml version="1.0" encoding="UTF-8"?>
<record
    xmlns:xsi="http://www.w3.org/2001/XMLSchema-instance"
    xsi:schemaLocation="http://www.loc.gov/MARC21/slim http://www.loc.gov/standards/marcxml/schema/MARC21slim.xsd"
    xmlns="http://www.loc.gov/MARC21/slim">

  <leader>01332nam a2200265 i 4500</leader>
  <controlfield tag="001">21761</controlfield>
  <controlfield tag="003">ES-MaACL</controlfield>
  <controlfield tag="005">20250731001134.0</controlfield>
  <controlfield tag="007">t|</controlfield>
  <controlfield tag="008">021127s1872    sp           |||| | spa d</controlfield>
  <datafield tag="100" ind1="1" ind2=" ">
    <subfield code="a">Alcocer, Pedro de.</subfield>
    <subfield code="9">19564</subfield>
  </datafield>
  <datafield tag="245" ind1="1" ind2="0">
    <subfield code="a">Relaci&#xF3;n de algunas cosas que pasaron en estos reinos desde que muri&#xF3; la reina cat&#xF3;lica do&#xF1;a Isabel, hasta que se acabaron las comunidades en la ciudad de Toledo / </subfield>
    <subfield code="c">Pedro de Alcocer ; ilustrada con un pr&#xF3;logo, varias notas y ap&#xE9;ndices [por Antonio Mart&#xED;n Gamero].</subfield>
  </datafield>
  <datafield tag="260" ind1=" " ind2=" ">
    <subfield code="a">Sevilla : </subfield>
    <subfield code="b">[s.n.], </subfield>
    <subfield code="c">1872 (</subfield>
    <subfield code="f">Imp. y Librer&#xED;a Espa&#xF1;ola y Extrangera de D. Rafael Tarasc&#xF3;)</subfield>
  </datafield>
  <datafield tag="300" ind1=" " ind2=" ">
    <subfield code="a">XXXI, 220 p. ; </subfield>
    <subfield code="c">23 cm.</subfield>
  </datafield>
  <datafield tag="490" ind1="1" ind2=" ">
    <subfield code="a">Sociedad de Bibli&#xF3;filos Andaluces. </subfield>
    <subfield code="a">Primera Serie</subfield>
  </datafield>
  <datafield tag="530" ind1=" " ind2=" ">
    <subfield code="a">Disponible en formato digital.</subfield>
  </datafield>
  <datafield tag="651" ind1=" " ind2="4">
    <subfield code="a">Toledo-</subfield>
    <subfield code="x">Historia-</subfield>
    <subfield code="y">S.XVI.</subfield>
    <subfield code="9">142468</subfield>
  </datafield>
  <datafield tag="651" ind1=" " ind2="7">
    <subfield code="a">Castilla (Reino)-</subfield>
    <subfield code="x">Historia-</subfield>
    <subfield code="y">1520-1521, Rebeli&#xF3;n de los comuneros</subfield>
    <subfield code="2"></subfield>
    <subfield code="9">142469</subfield>
  </datafield>
  <datafield tag="651" ind1=" " ind2="4">
    <subfield code="a">Espa&#xF1;a-</subfield>
    <subfield code="x">Historia-</subfield>
    <subfield code="y">1516-1556, Carlos I.</subfield>
    <subfield code="9">8224</subfield>
  </datafield>
  <datafield tag="700" ind1="1" ind2=" ">
    <subfield code="a">Martin Gamero, Antonio.</subfield>
    <subfield code="9">129555</subfield>
  </datafield>
  <datafield tag="830" ind1="1" ind2=" ">
    <subfield code="a">Sociedad de Bibli&#xF3;filos Andaluces. </subfield>
    <subfield code="a">Primera Serie</subfield>
    <subfield code="9">182018</subfield>
  </datafield>
  <datafield tag="852" ind1=" " ind2=" ">
    <subfield code="a">ES-MaACL</subfield>
    <subfield code="j">Z-99(1)     </subfield>
    <subfield code="z">- Enc. con otra obra     </subfield>
    <subfield code="x">Olim: B-5549</subfield>
  </datafield>
  <datafield tag="856" ind1=" " ind2=" ">
    <subfield code="u">http://bdh-rd.bne.es/viewer.vm?id=0000147866&amp;page=1 </subfield>
    <subfield code="z">Biblioteca Digital Hisp&#xE1;nica</subfield>
  </datafield>
  <datafield tag="999" ind1=" " ind2=" ">
    <subfield code="c">21761</subfield>
    <subfield code="d">21761</subfield>
  </datafield>
  <datafield tag="952" ind1=" " ind2=" ">
    <subfield code="0">0</subfield>
    <subfield code="1">0</subfield>
    <subfield code="4">0</subfield>
    <subfield code="7">0</subfield>
    <subfield code="8">Colecci&#xF3;n_digital</subfield>
    <subfield code="a">ATENEOM</subfield>
    <subfield code="b">ATENEOM</subfield>
    <subfield code="c">DEPO</subfield>
    <subfield code="d">2008-01-17</subfield>
    <subfield code="e">SC</subfield>
    <subfield code="l">0</subfield>
    <subfield code="o">Z-99(1)</subfield>
    <subfield code="p">1022367</subfield>
    <subfield code="r">2023-02-23 00:00:00</subfield>
    <subfield code="w">2023-02-23</subfield>
    <subfield code="y">MONANT</subfield>
  </datafield>
</record>
